Teams in the Top 15 leagues - Statistics

General Stats
  • This quiz has been taken 7 times
  • The average score is 143 of 289
Answer Stats
Hint Answer % Correct
AC Milan
100%
Aston Villa
100%
Seria A Atalanta
100%
Athletic Bilbao
100%
Atletico Madrid
100%
Bundesliga Augsburg
100%
Barcelona
100%
Bayern Munich
100%
Benfica
100%
Bologna
100%
Bournemouth
100%
Brest
100%
Brighton
100%
Celta Vigo
100%
Crystal Palace
100%
Dortmund
100%
Everton
100%
Fiorentina
100%
Frankfurt
100%
Fulham
100%
Inter
100%
Ipswich
100%
Juventus
100%
Las Palmas
100%
Lazio
100%
Leicester
100%
Liverpool
100%
Lyon
100%
Mainz
100%
Manchester City
100%
Manchester United
100%
Marseille
100%
Monaco
100%
Montpellier
100%
Nantes
100%
Napoli
100%
Newcastle
100%
Nice
100%
Nottingham Forest
100%
Porto
100%
PSG
100%
RB Leipzig
100%
Real Betis
100%
Real Madrid
100%
Rennes
100%
Sevilla
100%
Southampton
100%
Strasbourg
100%
Torino
100%
Tottenham
100%
Toulouse
100%
Udinese
100%
Union Berlin
100%
Valencia
100%
Venezia
100%
Werder Bremen
100%
West Ham
100%
Wolfsburg
100%
Wolves
100%
Dutch Ajax
86%
Premier League Arsenal
86%
Auxerre
86%
AZ
86%
Bayer Leverkusen
86%
Braga
86%
Cagliari
86%
Chelsea
86%
Freiburg
86%
Genoa
86%
Getafe
86%
Heidenheim
86%
Hoffenheim
86%
Mallorca
86%
Real Sociedad
86%
Roma
86%
Sport
86%
Sporting Lisbon
86%
Stuttgart
86%
Valladolid
86%
Ligue Un Angers
71%
Antwerp
71%
Bochum
71%
Brentford
71%
Cardiff
71%
Club Brugge
71%
Como
71%
Espanyol
71%
Genk
71%
Girona
71%
Hellas Verona
71%
Hull
71%
Kiel
71%
Leganes
71%
Luton
71%
Monza
71%
Norwich
71%
Parma
71%
PSV
71%
Rangers
71%
Rayo Vallecano
71%
Reims
71%
Rio Ave
71%
Sao Paulo
71%
Stoke
71%
Twente
71%
Villarreal
71%
Scottish Aberdeen
57%
La Liga Alaves
57%
Belgian Anderlecht
57%
Besiktas
57%
Championship Blackburn
57%
Bristol City
57%
Celtic
57%
Corinthians
57%
Coventry
57%
Empoli
57%
Fenerbache
57%
Flamengo
57%
Galatasaray
57%
Gent
57%
Hearts
57%
Inter Miami
57%
Leeds
57%
Lens
57%
Lille
57%
Middlesbrough
57%
NAC
57%
New York City
57%
Osasuna
57%
Oxford
57%
Plymouth
57%
Portsmouth
57%
Preston
57%
QPR
57%
Saint-Ettiene
57%
Santos
57%
Sheffield United
57%
Sheffield Wednesday
57%
St Pauli
57%
Sunderland
57%
Swansea
57%
Trabzonspor
57%
Utrecht
57%
Vitoria
57%
Al Hilal
43%
Al Shabab
43%
MLS Atlanta
43%
Boavista
43%
Botafogo
43%
Burnley
43%
Dallas
43%
Derby
43%
Dundee
43%
Feyernoord
43%
Fluminese
43%
Go Ahead Eagles
43%
Gremio
43%
Kilmarnock
43%
LA Galaxy
43%
Los Angeles
43%
Millwall
43%
Monterrey
43%
NEC
43%
Orlando
43%
Sparta Rotterdam
43%
Watford
43%
West Brom
43%
Al Ettifaq
29%
Al Fateh
29%
Al Nasr
29%
Antalyaspor
29%
Portuguese Arouca
29%
Cercle Brugge
29%
Charlotte
29%
Cincinnati
29%
Mexico Club America
29%
Columbus Crew
29%
Cruz Azul
29%
Cruzeiro
29%
Dundee United
29%
Famalicao
29%
Fortaleza
29%
Fortuna Sittard
29%
Groningen
29%
Guadalajara
29%
Heerenveen
29%
Hibernian
29%
Leece
29%
Motherwell
29%
Philadelphia
29%
Portland
29%
Seattle Sounders
29%
Sivasspor
29%
St Mirren
29%
Toronto
29%
Turkish Adana
14%
Saudi Pro Al Alhi
14%
Al Fayha
14%
Al Ittihad
14%
Al Khaleej
14%
Almere
14%
Al Raed
14%
Al Riyadh
14%
Al Wedha
14%
Austin
14%
Bahia
14%
Basaksehir
14%
Chicago Fire
14%
Colorado Rapids
14%
Damac
14%
DC United
14%
Estoril
14%
Farense
14%
Gaziantep
14%
Goztepe
14%
Heracles
14%
Houston Dynamo
14%
Internacional
14%
Konyaspor
14%
Kortijk
14%
Le Harve
14%
Leon
14%
Mechelen
14%
Minnesota
14%
Mochengladbach
14%
Montreal
14%
Nacional
14%
Nashville
14%
New York Red Bulls
14%
Pachua
14%
Palmieras
14%
PEC Zwolle
14%
Real Salt Lake
14%
Ross County
14%
Samsunspor
14%
San Diego
14%
San Jose Earthquakes
14%
Santa Clara
14%
Sint-Truiden
14%
St Johnstone
14%
St Louis
14%
Union Saint Gilloise
14%
Vancouver
14%
Vasco
14%
Westerlo
14%
Wilem II
14%
Alanyaspor
0%
Al Kholood
0%
Al Okhdood
0%
Al Orobah
0%
Al Qadsiah
0%
Al Taawoun
0%
Atlas
0%
Brazil Atletico Minero
0%
Atletico San Luis
0%
AVS
0%
Beerschot
0%
Bodrum
0%
Bragantino
0%
Casa Pia
0%
Ceara
0%
Charlerio
0%
Dender
0%
Estrella
0%
Eyüpspor
0%
Gil Vicente
0%
Hatayspor
0%
Juarez
0%
Juventude
0%
Kasimpasa
0%
Kayserispor
0%
Mazatlan
0%
Mirassol
0%
Moreirense
0%
New England Revolution
0%
Nexaca
0%
OH Leuven
0%
Puebla
0%
Queretaro
0%
Rizespor
0%
Santos Laguna
0%
Sporting Kansas
0%
Standard Leige
0%
Tijuana
0%
Toluca
0%
UANL
0%
UNAM
0%
Waaljik
0%
No matching quizzes found
Score Distribution
Percent of People with Each Score
Percentile by Number Answered
Your Score History
You have not taken this quiz